TV Shows by Decade Quiz Stats

 Plays Quiz Updated Sep 1, 2014

Support Sporcle.
Go Orange.
Score 0/28 Timer 06:00
0 Plays Today
% Correct
I Love Lucy
81.4%
Leave It to Beaver
73.8%
Friends
73.3%
Gilligan's Island
70.5%
The Cosby Show
70.1%
Game of Thrones
68.3%
Gunsmoke
66.7%
ER
66.3%
Green Acres
64.3%
The X-Files
62.2%
The Brady Bunch
61.9%
The Twilight Zone
61.2%
American Horror Story
61.1%
24
60.9%
% Correct
The Walking Dead
60.9%
Three's Company
59.7%
How I Met Your Mother
59.2%
Welcome Back, Kotter
58.9%
The Wonder Years
57.5%
Homeland
57.4%
The Odd Couple
54.8%
Breaking Bad
53.5%
Star Trek
52.2%
21 Jump Street
51.9%
St. Elsewhere
51.6%
WKRP in Cincinnati
51.3%
The Sopranos
51.2%
Glee
47.9%

You're not logged in!

Compare scores with friends on all Sporcle quizzes.
OR
Log In

From the Vault

NHL Goalie Goals

by Ben

This list does not include goalies who have accidentally scored on themselves.
Remove Ads.
Support Sporcle.
Get the best of Sporcle when you Go Orange. This ad-free experience offers more features, more stats, and more fun while also helping to support Sporcle. Thank you for becoming a member.

Show Comments

Extras

Top Quizzes Today


Score Distribution

Your Account Isn't Verified!

In order to create a playlist on Sporcle, you need to verify the email address you used during registration. Go to your Sporcle Settings to finish the process.

Report this User

Report this user for behavior that violates our Community Guidelines.

Details: